000
00231nam a22000857a 4500
008
160712b xxu||||| |||| 00| 0 eng d
100
_9
2638
_a
Madden, J., et al
245
_a
One size Doesn't Fit All
260
_a
N.Y
_b
Villard Book
_c
1988
999
_c
2292
_d
2292